| 000 | 00548nam a22001457a 4500 | ||
|---|---|---|---|
| 005 | 20180713104525.0 | ||
| 020 | _c150.00 | ||
| 035 | _aB-226976,B-226949 | ||
| 037 |
_aDPL _bENG |
||
| 100 | _aBhatnagar,Anita | ||
| 245 |
_aLet us learn Numerology/ _cby Anita Bhatnagar |
||
| 260 |
_aNew Delhi _bOcean Books _c2005 |
||
| 300 |
_a 103p. _c23 cms. |
||
| 942 |
_2ddc _cEN _h133.335 _mBHA |
||
| 999 |
_c63811 _d63811 |
||